| 000 | 00701nam a22002297a 4500 | ||
|---|---|---|---|
| 005 | 20170124110213.0 | ||
| 010 | _aA-439836 | ||
| 020 | _c100.00 | ||
| 035 | _aA-439836 | ||
| 037 | _bCen Lib/Ret | ||
| 040 |
_aDPL _bEN |
||
| 082 |
_a025.1 _bRAM |
||
| 100 |
_aRam Shobhit Prasad Singh _938493 |
||
| 245 |
_aFundamentals of library administration and management / _cby Ram Shobhit Prasad Singh |
||
| 260 |
_aDelhi _bPrabhat Prakashan _c1990 |
||
| 270 |
_aChawri Bazar _bDelhi _e110006 |
||
| 300 |
_a199p. _c21cm(Hb) |
||
| 500 | _aIncludes index | ||
| 650 |
_aLibrary administration _92603 |
||
| 650 |
_aLibrary personnel management _971930 |
||
| 942 |
_2ddc _cEN _h025.1 _mRAM |
||
| 999 |
_c133636 _d133636 |
||